[Event "AUTO-ELITE-2613"]
[Site "http://www.queenalice.com/game.php?id=1870352"]
[Date "2026.3.12"]
[Round "1"]
[White "raulzampronha"]
[Black "JailtonMaster"]
[Result "1/2-1/2"]
[WhiteElo "2250"]
[BlackElo "2136"]

1. e4 e5 2. Nf3 Nc6 3. d4 exd4 4. Nxd4 Qf6 5. Be3 Bc5 6. c3 Nge7 7. Bc4 d6 8.
O-O Be6 9. Nxe6 fxe6 10. Bxc5 dxc5 11. Qh5+ Qg6 12. Qxg6+ hxg6 13. Bxe6 Nd8 14.
Bb3 b5 15. Nd2 c4 16. Bc2 Ne6 17. Rfd1 Nf4 18. g3 Nh3+ 19. Kg2 O-O-O 20. Nf3
Rdf8 21. Rd2 g5 22. Ng1 Nxf2 23. Rf1 Rxh2+ 24. Kxh2 Ng4+ 25. Kh3 Rxf1 26. Kxg4
Rxg1 27. e5 Re1 28. Kxg5 1/2-1/2